Číslicové prenosové systémy /

Saved in:
Bibliographic Details
Main Author: Černík, Karol (Author)
Format: Book
Language:Slovak
Published: Bratislava : SVŠT v Bratislave, 1988
Tags: Add Tag
No Tags, Be the first to tag this record!

MARC

LEADER 00000nam a22000003a 4500
001 stu2193
005 20150617225619.5
008 920731s1988----cs------------------slo-d
040 |a STU  |b slo 
041 0 |a slo 
044 |a cs 
080 |a 681.324 
100 1 |a Černík, Karol  |4 aut 
245 1 |a Číslicové prenosové systémy /  |c [aut.] Černík,Karol 
260 |a Bratislava :  |b SVŠT v Bratislave,  |c 1988 
300 |a 131 s 
996 |b E69716  |c E*69716  |l EE01  |s A  |a 24  |w stu2193_0001